LEADER 00884nam0-22002891i-450 001 990004823970403321 005 20240916125444.0 035 $a000482397 100 $a19990604d1896----km-y0itay50------ba 101 0 $aita 102 $aIT 105 $ay-------001yy 200 1 $aAmabile di Continentia$eromanzo morale del secolo 15.$fa cura di Augusto Cesari 210 $aBologna$cRomagnoli-Dell'Acqua$d1896 215 $aCCXLIV, 153 p.$d23 cm 225 1 $aCollezione di opere inedite o rare di scrittori italiani dal 13. al 16. secolo$v78 676 $a853.3 702 1$aCesari,$bAugusto 801 0$aIT$bUNINA$gRICA$2UNIMARC 901 $aBK 912 $a990004823970403321 952 $a3/X L 7$b23812$fFLFBC 952 $a808.8001 COIR 78$bFil. Mod.$fFLFBC 952 $aYI 21 4 BIS$fFLFBC 959 $aFLFBC 996 $aAmabile di Continentia$9519406 997 $aUNINA